Szczegóły MARC21

Obrazowanie a komunikacja : gramatyka kognitywna wobec analizy dyskursu /

003 -Nazwa inst., której nr kontr. jest w polu 001 [,]
    • @
    • Nazwa instytucji, której n kontrolny jest w polu 001
    • NUKAT
005 -DATA I CZAS OSTATNIEJ MODYFIKACJI [,]
    • @
    • pole kontrolne
    • 20250820151031.0
020 -Międzynarod. znormalizowany nr książki - ISBN [ , ]
    • a
    • Numer ISBN
    • 9788379080014 Find
    • q
    • Dopowiedzenie
    • oprawa miękka
040 -Instytucja sporządzająca opis [ , ]
    • a
    • Instytucja, która sporządziła opis (NP)
    • OLSZT 003/JG
    • b
    • Język katalogowania
    • pol
    • e
    • Zasady katalogowania
    • rda
    • c
    • Instytucja, która sporządziła rekord (NP)
    • OLSZT 003/JGs
    • d
    • Instytucja, która zmodyfikowała rekord (P)
    • KAT U/41BM
942 -Rodzaj dokumentu [ , ]
    • c
    • Rodzaj dokumentu
    • Książka
100 -Hasło główne - nazwa osobowa [1, ]
    • a
    • Nazwa osobowa (NP)
    • Kubiński, Wojciech.
    • e
    • Rodzaj współpracy
    • Autor
    • 9
    • KHW
    • 76772
245 -Strefa tytułu i oznaczenia odpowiedzialności [1,0]
    • a
    • Tytuł
    • Obrazowanie a komunikacja : Find
    • b
    • Ciąg dalszy tytułu (NP)
    • gramatyka kognitywna wobec analizy dyskursu / Find
    • c
    • Pozostałe elementy strefy tytułu i oznaczenia odpowiedzialności (NP)
    • Wojciech Kubiński.
250 -Strefa wydania [ , ]
    • a
    • Oznaczenie wydania (NP)
    • Wydanie pierwsze.
260 -Strefa adresu wydawniczego [ , ]
    • a
    • Miejsce wydania (P)
    • Gdańsk :
    • b
    • Nazwa wydawcy (P)
    • Fundacja Terytoria Książki,
    • c
    • Data wydania (P)
    • 2014.
300 -Strefa opisu fizycznego [ , ]
    • a
    • Określenie formy książki i/lub objętość (NP)
    • 268, [2] strony ;
    • c
    • Format (NP)
    • 20 cm.
336 -Typ zawartości [ , ]
    • a
    • Termin opisujący typ zawartości
    • Tekst
    • b
    • Kod określający zawartość
    • txt
    • 2
    • Źródło (terminu i kodu)
    • rdacontent
337 -Typ mediów [ , ]
    • a
    • Tryb odtwarzania
    • Bez urządzenia pośredniczącego
    • b
    • Kod typu mediów
    • n
    • 2
    • Źródło (terminu i kodu)
    • rdamedia
338 -Typ/rodzaj nośnika [ , ]
    • a
    • Hasło opisujące typ nośnika
    • Wolumin
    • b
    • Kod typu nośnika
    • nc
    • 2
    • Źródło (terminu i kodu)
    • rdacarrier
380 -Deskryptor - Forma dzieła (P) [ , ]
    • a
    • forma dzieła (NP)
    • Książki
380 -Deskryptor - Forma dzieła (P) [ , ]
    • a
    • forma dzieła (NP)
    • Publikacje naukowe
388 -Deskryptor - czas powstania dzieła (P) [1, ]
    • a
    • Czas powstania dzieła (NP)
    • 2001-
490 -Strefa serii i książki wielotomowej - forma nie do wyszukiwania [1, ]
    • a
    • Tytuł (P)
    • Lingwistyka Find
830 -Hasło dodatkowe serii i opisu książki wielotomowej - tytuł ujednolicony/tytuł [ ,0]
    • a
    • Tytuł ujednolicony/tytuł (NP)
    • Media - Słowo/Obraz Terytoria
    • 9
    • KHW
    • 76774
504 -Uwaga dot. bibliogr. załącznikowej [ , ]
    • a
    • Uwaga dot. bibliografii załącznikowej
    • Bibliografia na stronach 243-264. Indeks.
536 -Uwaga dot. finansowania książki [ , ]
    • a
    • Tekst uwagi
    • Współfinansowanie: Uniwersytet Gdański. Wydział Filologiczny
080 -Uniwersalna Klasyfikacja Dziesiętna [ , ]
    • 2
    • Identyfikator wydania tablic
    • UDC-P058
    • 9
    • UKD
    • 6374
    • a
    • Symbol klasyfikacji
    • 81-119
    • b
    • Dopowiedzenie
    • Inne kierunki i szkoły w językoznawstwie. Językoznawstwo kognitywne.
080 -Uniwersalna Klasyfikacja Dziesiętna [ , ]
    • 2
    • Identyfikator wydania tablic
    • UDC-P058
    • 9
    • UKD
    • 6409
    • a
    • Symbol klasyfikacji
    • 81'36
    • b
    • Dopowiedzenie
    • Gramatyka. Gramatyka generatywna.
080 -Uniwersalna Klasyfikacja Dziesiętna [ , ]
    • 2
    • Identyfikator wydania tablic
    • UDC-P058
    • 9
    • UKD
    • 6394
    • a
    • Symbol klasyfikacji
    • 81'27
    • b
    • Dopowiedzenie
    • Socjolingwistyka. Stosowanie języka.
080 -Uniwersalna Klasyfikacja Dziesiętna [ , ]
    • 2
    • Identyfikator wydania tablic
    • UDC-P058
    • 9
    • UKD
    • 6389
    • a
    • Symbol klasyfikacji
    • 81'23
    • b
    • Dopowiedzenie
    • Psycholingwistyka. Psychologia języka. Język a myślenie. Neurolingwistyka. Patologia mowy. Afazja.
650 -Hasło przedmiotowe [ ,7]
    • a
    • Hasło przedmiotowe
    • Analiza dyskursu.
    • 2
    • Źródło terminu
    • kaba
    • 9
    • KHW
    • 101233
650 -Hasło przedmiotowe [ ,7]
    • a
    • Hasło przedmiotowe
    • Językoznawstwo kognitywne.
    • 2
    • Źródło terminu
    • kaba
    • 9
    • KHW
    • 110338
650 -Hasło przedmiotowe [ ,7]
    • a
    • Hasło przedmiotowe
    • Językoznawstwo kognitywne
    • 2
    • Źródło terminu
    • DBN
    • 9
    • KHW
    • 722094
650 -Hasło przedmiotowe [ ,7]
    • a
    • Hasło przedmiotowe
    • Analiza dyskursu
    • 2
    • Źródło terminu
    • DBN
    • 9
    • KHW
    • 729612
650 -Hasło przedmiotowe [ ,7]
    • a
    • Hasło przedmiotowe
    • Język
    • 2
    • Źródło terminu
    • DBN
    • 9
    • KHW
    • 723591
650 -Hasło przedmiotowe [ ,7]
    • a
    • Hasło przedmiotowe
    • Socjolingwistyka
    • 2
    • Źródło terminu
    • DBN
    • 9
    • KHW
    • 725059
650 -Hasło przedmiotowe [ ,7]
    • a
    • Hasło przedmiotowe
    • Gramatyka
    • 2
    • Źródło terminu
    • DBN
    • 9
    • KHW
    • 728084
650 -Hasło przedmiotowe [ ,7]
    • a
    • Hasło przedmiotowe
    • Komunikacja werbalna
    • 2
    • Źródło terminu
    • DBN
    • 9
    • KHW
    • 723610
650 -Hasło przedmiotowe [ ,7]
    • a
    • Hasło przedmiotowe
    • Pragmatyka lingwistyczna
    • 2
    • Źródło terminu
    • DBN
    • 9
    • KHW
    • 729603
650 -Hasło przedmiotowe [ ,7]
    • a
    • Hasło przedmiotowe
    • Poznanie
    • 2
    • Źródło terminu
    • DBN
    • 9
    • KHW
    • 729602
658 -Ujęcie treści [ , ]
    • a
    • dziedzina nauki i sztuki/ sfera aktywności życiowej
    • Językoznawstwo
658 -Ujęcie treści [ , ]
    • a
    • dziedzina nauki i sztuki/ sfera aktywności życiowej
    • Psychologia
980 -Symbol UKD [ , ]
    • a
    • UKD
    • 81-119:81'36:81'27:81'23
710 -Hasło dodatkowe - nazwa ciała zbiorowego [2, ]
    • a
    • Nazwa ciała zbiorowego lub nazwa geograficzna jako pierwszy element (NP)
    • Fundacja Terytoria Książki.
    • e
    • Rodzaj współpracy
    • Wydawca
    • 4
    • Kod relacji
    • pbl
    • 9
    • KHW
    • 76773
920 -ISBN [ , ]
    • a
    • ISBN
    • 978-83-7908-001-4 (oprawa miękka) Find
Numer inwentarzowy Status udost. Data inwentaryzacji Lokalizacja Sygnatura
P.2475012014-10-14BMPOL.Językoznawstwo kognitywne 08